[Event "DVM U14w 2017"]
[Site "Neumünster GER"]
[Date "2017.12.30"]
[Round "7"]
[White "Peglau, Sarah"]
[Black "Pflugradt, Natalie"]
[Result "0-1"]
[Termination "normal"]
[Board "3.2"]
[WhiteElo "1241"]
[BlackElo "1420"]
[WhiteClock "00:06:13"]
[BlackClock "00:04:41"]
[WhiteTeam "Schachzentrum Seeblick"]
[BlackTeam "SG Blau-Weiß Stadtilm"]
[PlyCount "110"]
[WhiteFideId "16219961"]
[BlackFideId "16212444"]
[EventCountry "GER"]
[EventRounds "7"]
[EventType "team-swiss"]
[EventDate "2017.12.26"]

1. c4 {[%clk 1:30:57]} c5 {[%clk 1:30:24]} 2. Nc3 {[%clk 1:31:20]} Nc6 {[%clk
1:30:09]} 3. Nf3 {[%clk 1:31:34]} Nf6 {[%clk 1:26:35]} 4. g3 {[%clk 1:28:35]}
g6 {[%clk 1:20:07]} 5. Bg2 {[%clk 1:23:08]} Bg7 {[%clk 1:19:02]} 6. O-O {[%clk
1:20:44]} O-O {[%clk 1:18:19]} 7. e3 {[%clk 1:10:00]} d6 {[%clk 1:08:52]} 8. d4
{[%clk 1:09:42]} Nd7 {[%clk 1:03:03]} 9. a3 {[%clk 0:57:11]} a6 {[%clk
0:56:20]} 10. Rb1 {[%clk 0:51:25]} Rb8 {[%clk 0:45:26]} 11. b4 {[%clk 0:49:12]}
Qe8 {[%clk 0:40:49]} 12. b5 {[%clk 0:40:40]} Nd8 {[%clk 0:36:19]} 13. Nd5
{[%clk 0:39:20]} e6 {[%clk 0:32:28]} 14. Nc7 {[%clk 0:38:11]} Qe7 {[%clk
0:32:45]} 15. Re1 {[%clk 0:16:03]} Nb6 {[%clk 0:30:52]} 16. bxa6 {[%clk
0:14:42]} Qxc7 {[%clk 0:30:09]} 17. a7 {[%clk 0:12:58]} Ra8 {[%clk 0:30:30]}
18. Qb3 {[%clk 0:12:56]} Nd7 {[%clk 0:30:04]} 19. Qa4 {[%clk 0:13:00]} Nc6
{[%clk 0:28:25]} 20. d5 {[%clk 0:09:21]} Nce5 {[%clk 0:25:27]} 21. dxe6 Nxf3+
{[%clk 0:24:34]} 22. Bxf3 {[%clk 0:09:41]} fxe6 {[%clk 0:24:55]} 23. Bg2 {[%clk
0:08:53]} Rf7 {[%clk 0:19:41]} 24. Re2 {[%clk 0:08:05]} Ne5 {[%clk 0:17:02]}
25. Kh1 {[%clk 0:06:55]} Nc6 {[%clk 0:15:14]} 26. Rd2 {[%clk 0:05:25]} Rxa7
{[%clk 0:13:24]} 27. Qd1 {[%clk 0:05:50]} Rd7 {[%clk 0:11:53]} 28. Bh3 {[%clk
0:06:01]} Nd8 {[%clk 0:11:52]} 29. Rb3 {[%clk 0:05:37]} Ra6 {[%clk 0:10:17]}
30. Qg4 {[%clk 0:03:05]} d5 {[%clk 0:06:59]} 31. cxd5 {[%clk 0:02:50]} exd5
{[%clk 0:07:19]} 32. Qg5 {[%clk 0:03:08]} Rdd6 {[%clk 0:05:00]} 33. Bg2 {[%clk
0:03:06]} Be6 {[%clk 0:03:13]} 34. Rbd3 {[%clk 0:02:02]} c4 {[%clk 0:02:28]}
35. Rxd5 {[%clk 0:01:42]} Bxd5 {[%clk 0:02:32]} 36. Bxd5+ {[%clk 0:02:11]} Nf7
{[%clk 0:02:12]} 37. Qf4 {[%clk 0:01:50]} Rab6 {[%clk 0:00:55]} 38. Bxf7+
{[%clk 0:02:09]} Qxf7 {[%clk 0:00:57]} 39. Rxd6 {[%clk 0:02:18]} Qxf4 {[%clk
0:01:15]} 40. Rd8+ {[%clk 0:02:40]} Qf8 {[%clk 0:01:21]} 41. Rxf8+ {[%clk
0:03:04]} Kxf8 {[%clk 0:01:43]} 42. Kg2 {[%clk 0:02:59]} Bb2 {[%clk 0:01:51]}
43. Bd2 {[%clk 0:03:07]} c3 {[%clk 0:02:05]} 44. Bxc3 {[%clk 0:03:06]} Bxc3
{[%clk 0:02:29]} 45. e4 {[%clk 0:03:27]} Ra6 {[%clk 0:02:47]} 46. f4 {[%clk
0:03:49]} Rxa3 {[%clk 0:03:10]} 47. e5 {[%clk 0:04:12]} b5 {[%clk 0:03:27]} 48.
Kh3 {[%clk 0:04:24]} b4 {[%clk 0:03:49]} 49. Kg4 {[%clk 0:04:45]} b3 {[%clk
0:03:52]} 50. Kg5 {[%clk 0:05:10]} b2 {[%clk 0:04:08]} 51. f5 {[%clk 0:05:01]}
gxf5 {[%clk 0:04:22]} 52. Kxf5 {[%clk 0:05:24]} b1=Q+ {[%clk 0:04:46]} 53. Kg5
{[%clk 0:05:38]} Ra4 {[%clk 0:04:34]} 54. g4 {[%clk 0:05:51]} Qg6+ {[%clk
0:04:51]} 55. Kh4 {[%clk 0:06:13]} Qxg4# {[%clk 0:04:41]} 0-1

[Event "DVM U14w 2017"]
[Site "Neumünster GER"]
[Date "2017.12.30"]
[Round "7"]
[White "Schmidt, Pauline"]
[Black "Peglau, Charis"]
[Result "0-1"]
[Termination "normal"]
[Board "3.3"]
[WhiteElo "1271"]
[BlackElo "1193"]
[WhiteClock "00:26:51"]
[BlackClock "00:24:59"]
[WhiteTeam "SG Blau-Weiß Stadtilm"]
[BlackTeam "Schachzentrum Seeblick"]
[PlyCount "108"]
[WhiteFideId "16209850"]
[BlackFideId "16219996"]
[EventCountry "GER"]
[EventRounds "7"]
[EventType "team-swiss"]
[EventDate "2017.12.26"]

1. e4 {[%clk 1:30:58]} c5 {[%clk 1:30:54]} 2. Nc3 {[%clk 1:31:22]} Nc6 {[%clk
1:31:18]} 3. Nge2 {[%clk 1:31:41]} g6 {[%clk 1:31:34]} 4. g3 {[%clk 1:32:01]}
Bg7 {[%clk 1:31:57]} 5. Bg2 {[%clk 1:32:23]} e5 {[%clk 1:32:10]} 6. d3 {[%clk
1:32:20]} Nge7 {[%clk 1:32:25]} 7. h4 {[%clk 1:32:16]} h5 {[%clk 1:32:45]} 8.
Bg5 {[%clk 1:32:09]} f6 {[%clk 1:26:38]} 9. Be3 {[%clk 1:31:27]} Nd4 {[%clk
1:26:28]} 10. Nc1 {[%clk 1:26:32]} d6 {[%clk 1:26:01]} 11. Qd2 {[%clk 1:24:17]}
Be6 {[%clk 1:23:07]} 12. O-O {[%clk 1:22:30]} Rb8 {[%clk 1:19:14]} 13. Nd1
{[%clk 1:19:42]} Bg4 {[%clk 1:03:38]} 14. f3 {[%clk 1:14:42]} Be6 {[%clk
1:02:58]} 15. c3 {[%clk 1:12:19]} Nb5 {[%clk 0:51:51]} 16. d4 {[%clk 1:07:52]}
cxd4 {[%clk 0:50:35]} 17. cxd4 {[%clk 1:07:05]} exd4 {[%clk 0:34:30]} 18. Bxd4
{[%clk 1:06:22]} Nxd4 {[%clk 0:34:42]} 19. Qxd4 {[%clk 1:06:44]} Nc6 {[%clk
0:34:56]} 20. Qf2 {[%clk 1:04:59]} O-O {[%clk 0:32:45]} 21. Ne2 {[%clk
0:57:25]} Bf7 {[%clk 0:29:15]} 22. Ndc3 {[%clk 0:47:33]} a6 {[%clk 0:19:00]}
23. Rfd1 {[%clk 0:43:17]} Qd7 {[%clk 0:17:35]} 24. Kh2 {[%clk 0:36:58]} Rfd8
{[%clk 0:16:36]} 25. Bh3 {[%clk 0:34:01]} Qe8 {[%clk 0:14:29]} 26. Qb6 {[%clk
0:26:59]} Ne5 {[%clk 0:08:45]} 27. f4 {[%clk 0:22:23]} Nc4 {[%clk 0:08:44]} 28.
Qb4 {[%clk 0:21:03]} a5 {[%clk 0:08:04]} 29. Qb5 {[%clk 0:20:31]} Qxb5 {[%clk
0:06:33]} 30. Nxb5 {[%clk 0:20:47]} f5 {[%clk 0:03:10]} 31. exf5 {[%clk
0:16:50]} gxf5 {[%clk 0:03:31]} 32. Bxf5 {[%clk 0:14:43]} Ne3 {[%clk 0:03:55]}
33. Rxd6 {[%clk 0:12:51]} Nxf5 {[%clk 0:04:11]} 34. Rxd8+ {[%clk 0:12:19]} Rxd8
{[%clk 0:04:37]} 35. Kg1 {[%clk 0:10:06]} Bxb2 {[%clk 0:04:32]} 36. Rb1 {[%clk
0:09:28]} Rd2 {[%clk 0:04:42]} 37. Nec3 {[%clk 0:08:05]} Nxg3 {[%clk 0:03:59]}
38. a3 {[%clk 0:05:24]} Ne2+ {[%clk 0:03:35]} 39. Nxe2 {[%clk 0:05:38]} Rxe2
{[%clk 0:04:00]} 40. Nd6 {[%clk 0:05:34]} Bd5 {[%clk 0:03:44]} 41. f5 {[%clk
0:04:52]} Bd4+ {[%clk 0:01:40]} 42. Kf1 {[%clk 0:04:37]} Ra2 {[%clk 0:00:55]}
43. Rd1 {[%clk 0:04:13]} Ra1 {[%clk 0:01:08]} 44. Rxa1 {[%clk 0:03:32]} Bxa1
{[%clk 0:01:32]} 45. Ke2 {[%clk 0:03:39]} Bf6 {[%clk 0:30:06]} 46. Ke3 {[%clk
0:33:14]} Kf8 {[%clk 0:29:13]} 47. Kf4 {[%clk 0:32:14]} Bc6 {[%clk 0:28:44]}
48. Nc4 {[%clk 0:32:09]} a4 {[%clk 0:28:43]} 49. Ne5 {[%clk 0:30:42]} Be8
{[%clk 0:25:49]} 50. Ke4 {[%clk 0:26:51]} Bxh4 {[%clk 0:24:07]} 51. Ng6+ {[%clk
0:26:59]} Bxg6 {[%clk 0:24:24]} 52. fxg6 {[%clk 0:27:25]} Be7 {[%clk 0:24:43]}
53. Kf4 {[%clk 0:26:58]} Bxa3 {[%clk 0:25:00]} 54. Kg5 {[%clk 0:26:51]} Kg7
{[%clk 0:24:59]} 0-1

[Event "DVM U14w 2017"]
[Site "Neumünster GER"]
[Date "2017.12.30"]
[Round "7"]
[White "Peglau, Dora"]
[Black "Wilhelm, Anna-Lena"]
[Result "1/2-1/2"]
[Termination "normal"]
[Board "3.4"]
[WhiteElo "1159"]
[BlackElo "1122"]
[WhiteClock "00:39:33"]
[BlackClock "00:05:55"]
[WhiteTeam "Schachzentrum Seeblick"]
[BlackTeam "SG Blau-Weiß Stadtilm"]
[PlyCount "75"]
[WhiteFideId "16220005"]
[BlackFideId "16230094"]
[EventCountry "GER"]
[EventRounds "7"]
[EventType "team-swiss"]
[EventDate "2017.12.26"]

1. e4 {[%clk 1:30:58]} e5 {[%clk 1:30:56]} 2. Nc3 {[%clk 1:31:22]} Nf6 {[%clk
1:31:20]} 3. f4 {[%clk 1:31:44]} d5 {[%clk 1:31:31]} 4. fxe5 {[%clk 1:31:46]}
Nxe4 {[%clk 1:31:44]} 5. Nf3 {[%clk 1:31:51]} Bf5 {[%clk 1:20:51]} 6. Be2
{[%clk 1:30:14]} d4 {[%clk 1:07:59]} 7. Nxe4 {[%clk 1:27:09]} Bxe4 {[%clk
1:07:48]} 8. d3 {[%clk 1:26:30]} Bxf3 {[%clk 1:04:09]} 9. Bxf3 {[%clk 1:26:26]}
c6 {[%clk 1:02:47]} 10. O-O {[%clk 1:25:20]} Be7 {[%clk 0:59:45]} 11. Bf4
{[%clk 1:22:01]} O-O {[%clk 0:52:29]} 12. Qd2 {[%clk 1:19:04]} Nd7 {[%clk
0:38:51]} 13. Rae1 {[%clk 1:16:17]} Nc5 {[%clk 0:35:48]} 14. Be2 {[%clk
1:12:29]} Ne6 {[%clk 0:34:25]} 15. Bg3 {[%clk 1:10:39]} Bg5 {[%clk 0:25:59]}
16. Qd1 {[%clk 1:10:40]} Qa5 {[%clk 0:24:31]} 17. Qa1 {[%clk 1:04:49]} Qd2
{[%clk 0:19:43]} 18. Qc1 {[%clk 1:03:36]} Qxc1 {[%clk 0:19:16]} 19. Rxc1 {[%clk
1:01:48]} Bxc1 {[%clk 0:19:43]} 20. Rxc1 {[%clk 1:02:08]} f6 {[%clk 0:19:40]}
21. Bg4 {[%clk 1:00:45]} Rae8 {[%clk 0:19:34]} 22. exf6 {[%clk 1:00:19]} Rxf6
{[%clk 0:19:02]} 23. Re1 {[%clk 1:00:28]} Kf7 {[%clk 0:18:51]} 24. Be5 {[%clk
0:59:40]} Rh6 {[%clk 0:17:44]} 25. Kf2 {[%clk 0:57:29]} Rf8 {[%clk 0:16:16]}
26. Kg3 {[%clk 0:57:01]} Rg6 {[%clk 0:15:26]} 27. Kh3 {[%clk 0:56:08]} Ke7
{[%clk 0:13:52]} 28. Bxg7 {[%clk 0:55:54]} Rxg7 {[%clk 0:13:25]} 29. Rxe6+
{[%clk 0:56:05]} Kd8 {[%clk 0:13:29]} 30. Rd6+ {[%clk 0:56:12]} Kc7 {[%clk
0:13:39]} 31. Rxd4 {[%clk 0:56:14]} Rf2 {[%clk 0:13:06]} 32. Rc4 {[%clk
0:56:29]} b5 {[%clk 0:12:43]} 33. Rc5 {[%clk 0:56:39]} Kd6 {[%clk 0:12:53]} 34.
Rc3 {[%clk 0:56:02]} h5 {[%clk 0:11:07]} 35. Bf3 {[%clk 0:56:12]} c5 {[%clk
0:10:26]} 36. a3 {[%clk 0:42:00]} Rf1 {[%clk 0:07:00]} 37. Bxh5 {[%clk
0:39:32]} Rb1 {[%clk 0:05:55]} 38. Rb3 {[%clk 0:39:33]} 1/2-1/2

[Event "DVM U14w 2017"]
[Site "Neumünster GER"]
[Date "2017.12.30"]
[Round "7"]
[White "Basovskiy, Jana"]
[Black "Eulitz, Charlotte"]
[Result "1/2-1/2"]
[Termination "normal"]
[Board "4.1"]
[WhiteElo "1788"]
[BlackElo "1544"]
[WhiteClock "00:02:54"]
[BlackClock "00:02:59"]
[WhiteTeam "SF Sasbach"]
[BlackTeam "SC Borussia 1920 Friedrichsfelde"]
[PlyCount "80"]
[WhiteFideId "16208617"]
[BlackFideId "12964654"]
[EventCountry "GER"]
[EventRounds "7"]
[EventType "team-swiss"]
[EventDate "2017.12.26"]

1. e4 {[%clk 1:30:58]} e5 {[%clk 1:30:56]} 2. Nf3 {[%clk 1:31:24]} Nc6 {[%clk
1:31:18]} 3. Bc4 {[%clk 1:31:52]} Bc5 {[%clk 1:31:41]} 4. c3 {[%clk 1:32:18]}
Nf6 {[%clk 1:32:06]} 5. d3 {[%clk 1:32:45]} h6 {[%clk 1:30:44]} 6. Nbd2 {[%clk
1:32:37]} d6 {[%clk 1:29:36]} 7. O-O {[%clk 1:31:34]} O-O {[%clk 1:28:50]} 8.
h3 {[%clk 1:25:58]} a6 {[%clk 1:27:10]} 9. Bb3 {[%clk 1:26:12]} Ba7 {[%clk
1:26:57]} 10. Re1 {[%clk 1:26:10]} Nh5 {[%clk 1:26:09]} 11. Nf1 {[%clk
1:21:36]} Qf6 {[%clk 1:24:56]} 12. Be3 {[%clk 1:16:01]} Nf4 {[%clk 1:22:39]}
13. d4 {[%clk 1:03:30]} Na5 {[%clk 1:12:03]} 14. Bc2 {[%clk 0:53:18]} Nc4
{[%clk 1:03:01]} 15. Bxf4 {[%clk 0:50:39]} Qxf4 {[%clk 1:01:08]} 16. b3 {[%clk
0:50:48]} Na3 {[%clk 0:58:25]} 17. Ne3 {[%clk 0:43:41]} Nxc2 {[%clk 0:55:17]}
18. Nd5 {[%clk 0:42:36]} Nxe1 {[%clk 0:48:27]} 19. Qxe1 {[%clk 0:41:59]} Qxf3
{[%clk 0:48:12]} 20. gxf3 {[%clk 0:42:21]} Bxh3 {[%clk 0:46:30]} 21. dxe5
{[%clk 0:41:07]} dxe5 {[%clk 0:45:44]} 22. Nxc7 {[%clk 0:41:15]} Rac8 {[%clk
0:40:37]} 23. Nd5 {[%clk 0:41:14]} Kh8 {[%clk 0:38:14]} 24. f4 {[%clk 0:37:45]}
exf4 {[%clk 0:31:49]} 25. Nxf4 {[%clk 0:37:39]} Be6 26. Rd1 {[%clk 0:36:25]}
Bg4 {[%clk 0:26:38]} 27. Rd3 {[%clk 0:33:34]} Rce8 {[%clk 0:21:11]} 28. Kg2
{[%clk 0:26:24]} Re5 {[%clk 0:15:59]} 29. Rg3 {[%clk 0:23:44]} Bf5 {[%clk
0:13:06]} 30. f3 {[%clk 0:23:55]} Rfe8 {[%clk 0:06:50]} 31. Qd2 {[%clk
0:22:10]} Bc8 {[%clk 0:05:50]} 32. Nd5 {[%clk 0:19:26]} Kh7 {[%clk 0:03:29]}
33. Qf4 {[%clk 0:17:58]} f5 {[%clk 0:02:05]} 34. Qh4 {[%clk 0:08:33]} fxe4
{[%clk 0:01:22]} 35. Rxg7+ {[%clk 0:01:02]} Kxg7 {[%clk 0:01:34]} 36. Qf6+
{[%clk 0:01:31]} Kh7 {[%clk 0:01:24]} 37. Qf7+ {[%clk 0:01:55]} Kh8 {[%clk
0:01:43]} 38. Qf6+ {[%clk 0:02:20]} Kh7 {[%clk 0:02:08]} 39. Qf7+ {[%clk
0:02:28]} Kh8 {[%clk 0:02:34]} 40. Qf6+ {[%clk 0:02:54]} Kh7 {[%clk 0:02:59]}
1/2-1/2

[Event "DVM U14w 2017"]
[Site "Neumünster GER"]
[Date "2017.12.30"]
[Round "7"]
[White "Berghold, Lotta"]
[Black "Schneider, Katharina"]
[Result "1/2-1/2"]
[Termination "normal"]
[Board "4.2"]
[WhiteElo "1369"]
[BlackElo "1638"]
[WhiteClock "00:27:56"]
[BlackClock "00:24:19"]
[WhiteTeam "SC Borussia 1920 Friedrichsfelde"]
[BlackTeam "SF Sasbach"]
[PlyCount "92"]
[WhiteFideId "16243463"]
[BlackFideId "16200519"]
[EventCountry "GER"]
[EventRounds "7"]
[EventType "team-swiss"]
[EventDate "2017.12.26"]

1. d4 {[%clk 1:30:58]} d5 {[%clk 1:30:56]} 2. Nf3 {[%clk 1:31:24]} e6 {[%clk
1:31:07]} 3. e3 {[%clk 1:31:48]} c5 {[%clk 1:31:12]} 4. c3 {[%clk 1:32:10]} Nc6
{[%clk 1:30:10]} 5. Bd3 {[%clk 1:32:32]} Nf6 {[%clk 1:30:10]} 6. Nbd2 {[%clk
1:32:52]} Bd6 {[%clk 1:29:31]} 7. O-O {[%clk 1:33:03]} O-O {[%clk 1:28:16]} 8.
dxc5 {[%clk 1:33:15]} Bxc5 {[%clk 1:25:31]} 9. e4 {[%clk 1:33:11]} Qc7 {[%clk
1:14:04]} 10. Re1 {[%clk 1:27:13]} Ng4 {[%clk 1:07:46]} 11. Re2 {[%clk
1:19:25]} Bd6 {[%clk 0:55:30]} 12. h3 {[%clk 1:13:52]} Nf6 {[%clk 0:50:08]} 13.
exd5 {[%clk 1:04:08]} Nxd5 {[%clk 0:48:46]} 14. Re1 {[%clk 1:00:04]} h6 {[%clk
0:44:45]} 15. Ne4 {[%clk 0:52:46]} Bf4 {[%clk 0:38:43]} 16. Bxf4 {[%clk
0:49:14]} Nxf4 {[%clk 0:38:45]} 17. Qc2 {[%clk 0:42:38]} Ne7 {[%clk 0:34:40]}
18. Ng3 {[%clk 0:39:34]} Nxd3 {[%clk 0:33:51]} 19. Qxd3 {[%clk 0:39:43]} Bd7
{[%clk 0:32:58]} 20. Rad1 {[%clk 0:35:15]} Rad8 {[%clk 0:32:45]} 21. Qe3 {[%clk
0:33:58]} a6 {[%clk 0:32:27]} 22. Rd2 {[%clk 0:29:18]} Bc6 {[%clk 0:32:15]} 23.
Red1 {[%clk 0:25:47]} Rxd2 {[%clk 0:30:07]} 24. Rxd2 {[%clk 0:25:49]} Nd5
{[%clk 0:29:01]} 25. Qd4 {[%clk 0:23:18]} Nf6 {[%clk 0:28:31]} 26. Qd3 {[%clk
0:22:08]} Bd5 {[%clk 0:27:24]} 27. a3 {[%clk 0:20:44]} b5 {[%clk 0:26:19]} 28.
Qe3 {[%clk 0:19:34]} Qb7 {[%clk 0:25:44]} 29. Rd3 {[%clk 0:18:33]} Re8 {[%clk
0:20:04]} 30. Qf4 {[%clk 0:16:25]} Nd7 {[%clk 0:17:26]} 31. Ne1 {[%clk
0:14:02]} e5 {[%clk 0:15:56]} 32. Qd2 {[%clk 0:13:11]} Nf6 {[%clk 0:16:11]} 33.
Re3 {[%clk 0:12:52]} Bc6 {[%clk 0:14:19]} 34. Nf3 {[%clk 0:10:06]} Bxf3 {[%clk
0:11:52]} 35. Rxf3 {[%clk 0:09:43]} Nd5 {[%clk 0:10:44]} 36. Qe2 {[%clk
0:08:54]} Qc6 {[%clk 0:09:19]} 37. Qe4 {[%clk 0:07:57]} Qe6 {[%clk 0:08:50]}
38. Qf5 {[%clk 0:05:15]} Qxf5 {[%clk 0:06:10]} 39. Nxf5 {[%clk 0:05:20]} Nf4
{[%clk 0:02:17]} 40. Kh2 {[%clk 0:01:26]} Kh7 {[%clk 0:01:30]} 41. g3 {[%clk
0:30:11]} Ng6 {[%clk 0:30:35]} 42. Rd3 Ne7 {[%clk 0:26:09]} 43. Nxe7 {[%clk
0:29:47]} Rxe7 {[%clk 0:26:01]} 44. Rd6 {[%clk 0:28:59]} Ra7 {[%clk 0:26:13]}
45. Kg2 {[%clk 0:28:44]} f6 {[%clk 0:25:06]} 46. Kf3 {[%clk 0:27:56]} Kg6
{[%clk 0:24:19]} 1/2-1/2

[Event "DVM U14w 2017"]
[Site "Neumünster GER"]
[Date "2017.12.30"]
[Round "7"]
[White "Schneider, Anna"]
[Black "Oschlies, Tami"]
[Result "0-1"]
[Termination "normal"]
[Board "4.3"]
[WhiteElo "1374"]
[BlackElo "1387"]
[WhiteClock "01:18:47"]
[BlackClock "00:19:54"]
[WhiteTeam "SF Sasbach"]
[BlackTeam "SC Borussia 1920 Friedrichsfelde"]
[PlyCount "74"]
[WhiteFideId "16200527"]
[BlackFideId "16217365"]
[EventCountry "GER"]
[EventRounds "7"]
[EventType "team-swiss"]
[EventDate "2017.12.26"]

1. e4 {[%clk 1:30:58]} c5 {[%clk 1:30:50]} 2. Nf3 {[%clk 1:31:22]} d6 {[%clk
1:31:11]} 3. d4 {[%clk 1:31:47]} cxd4 {[%clk 1:31:34]} 4. Nxd4 {[%clk 1:32:08]}
Nc6 {[%clk 1:31:57]} 5. Nc3 {[%clk 1:32:25]} e6 {[%clk 1:32:10]} 6. Be3 {[%clk
1:32:41]} Be7 {[%clk 1:32:04]} 7. f3 {[%clk 1:32:59]} a6 {[%clk 1:31:33]} 8.
Qd2 {[%clk 1:33:21]} Nf6 {[%clk 1:31:31]} 9. O-O-O {[%clk 1:32:58]} Bd7 {[%clk
1:31:04]} 10. Kb1 {[%clk 1:32:51]} Qc7 {[%clk 1:29:01]} 11. g4 {[%clk 1:32:45]}
h6 {[%clk 1:25:10]} 12. h4 {[%clk 1:32:44]} d5 {[%clk 1:14:34]} 13. exd5 {[%clk
1:31:24]} Nxd5 {[%clk 1:14:08]} 14. Nxd5 {[%clk 1:30:26]} exd5 {[%clk 1:14:12]}
15. Bf4 {[%clk 1:28:56]} Qd8 {[%clk 1:10:48]} 16. Re1 {[%clk 1:27:09]} Kf8
{[%clk 1:04:25]} 17. h5 {[%clk 1:26:07]} Rc8 {[%clk 0:59:01]} 18. Bg2 {[%clk
1:23:41]} b5 {[%clk 0:55:57]} 19. Nf5 {[%clk 1:22:05]} Bxf5 {[%clk 0:53:46]}
20. gxf5 {[%clk 1:22:15]} Bg5 {[%clk 0:49:26]} 21. Bxg5 {[%clk 1:20:15]} Qxg5
{[%clk 0:47:18]} 22. Qxg5 {[%clk 1:20:19]} hxg5 {[%clk 0:47:42]} 23. Ref1
{[%clk 1:20:00]} Nd4 {[%clk 0:38:00]} 24. c3 {[%clk 1:19:24]} Nxf5 {[%clk
0:38:04]} 25. Bh3 {[%clk 1:19:05]} g6 {[%clk 0:32:11]} 26. Bxf5 {[%clk
1:18:37]} gxf5 {[%clk 0:32:28]} 27. Rd1 {[%clk 1:18:50]} Rd8 {[%clk 0:32:26]}
28. Rd4 {[%clk 1:18:59]} Ke7 {[%clk 0:31:35]} 29. a4 {[%clk 1:18:12]} Kd6
{[%clk 0:26:23]} 30. axb5 {[%clk 1:17:59]} axb5 {[%clk 0:26:45]} 31. Kc2 {[%clk
1:18:13]} Kc6 {[%clk 0:26:09]} 32. Kb3 {[%clk 1:18:27]} Rh6 {[%clk 0:25:31]}
33. Kb4 {[%clk 1:18:40]} Rdh8 {[%clk 0:24:35]} 34. Re1 {[%clk 1:18:38]} Re6
{[%clk 0:22:42]} 35. Red1 {[%clk 1:18:21]} Rxh5 {[%clk 0:19:31]} 36. Rxd5
{[%clk 1:18:40]} Rh4+ {[%clk 0:19:36]} 37. Ka5 {[%clk 1:18:47]} Ra4# {[%clk
0:19:54]} 0-1

[Event "DVM U14w 2017"]
[Site "Neumünster GER"]
[Date "2017.12.30"]
[Round "7"]
[White "Relógio Stauber, Anna"]
[Black "Eisele, Lea Carolin"]
[Result "1-0"]
[Termination "normal"]
[Board "4.4"]
[WhiteElo "1219"]
[BlackElo "751"]
[WhiteClock "00:59:49"]
[BlackClock "01:05:36"]
[WhiteTeam "SC Borussia 1920 Friedrichsfelde"]
[BlackTeam "SF Sasbach"]
[PlyCount "107"]
[WhiteFideId "16255771"]
[BlackFideId "16255780"]
[EventCountry "GER"]
[EventRounds "7"]
[EventType "team-swiss"]
[EventDate "2017.12.26"]

1. d4 {[%clk 1:30:58]} d5 {[%clk 1:30:46]} 2. Nf3 {[%clk 1:31:23]} e6 {[%clk
1:31:05]} 3. e3 {[%clk 1:31:34]} c5 {[%clk 1:31:04]} 4. c3 {[%clk 1:31:07]} Nc6
{[%clk 1:31:14]} 5. Nbd2 {[%clk 1:29:07]} Nf6 {[%clk 1:27:36]} 6. Bd3 {[%clk
1:28:11]} Bd6 {[%clk 1:25:10]} 7. O-O {[%clk 1:27:49]} e5 {[%clk 1:24:35]} 8.
dxe5 {[%clk 1:26:21]} Bxe5 {[%clk 1:24:45]} 9. Nxe5 {[%clk 1:26:03]} Nxe5
{[%clk 1:25:07]} 10. Nf3 {[%clk 1:25:13]} Qe7 {[%clk 1:20:55]} 11. Nxe5 {[%clk
1:18:30]} Qxe5 {[%clk 1:19:56]} 12. Bb5+ {[%clk 1:15:58]} Bd7 {[%clk 1:20:09]}
13. Qa4 {[%clk 1:15:25]} O-O {[%clk 1:19:59]} 14. Bxd7 {[%clk 1:15:24]} Rfd8
{[%clk 1:11:09]} 15. Bh3 {[%clk 1:14:56]} a6 {[%clk 1:06:09]} 16. Qc2 {[%clk
1:13:33]} d4 {[%clk 1:04:21]} 17. Qf5 {[%clk 1:08:37]} Qxf5 {[%clk 1:04:04]}
18. Bxf5 {[%clk 1:08:55]} Rd5 {[%clk 1:04:21]} 19. Bh3 {[%clk 1:07:41]} Re8
{[%clk 1:03:34]} 20. cxd4 {[%clk 1:05:42]} cxd4 {[%clk 1:03:48]} 21. exd4
{[%clk 1:05:15]} Rxd4 {[%clk 1:04:07]} 22. Be3 {[%clk 1:05:22]} Rb4 {[%clk
1:04:04]} 23. b3 {[%clk 1:04:20]} Nd5 {[%clk 1:04:06]} 24. Rfe1 {[%clk
1:01:28]} Rbe4 {[%clk 1:03:57]} 25. Rac1 {[%clk 1:00:34]} Nxe3 {[%clk 1:04:14]}
26. Rxe3 {[%clk 1:00:50]} Rxe3 {[%clk 1:04:16]} 27. fxe3 {[%clk 1:01:15]} g6
{[%clk 1:04:32]} 28. Kf2 {[%clk 1:01:25]} b5 {[%clk 1:04:49]} 29. Rc6 {[%clk
1:00:37]} a5 {[%clk 1:05:01]} 30. Rc5 {[%clk 1:00:48]} Rb8 {[%clk 1:05:11]} 31.
Bg4 {[%clk 0:59:00]} a4 {[%clk 1:05:03]} 32. Rc8+ {[%clk 0:58:36]} Rxc8 {[%clk
1:05:19]} 33. Bxc8 {[%clk 0:59:02]} axb3 {[%clk 1:05:40]} 34. axb3 {[%clk
0:59:26]} Kg7 {[%clk 1:05:51]} 35. b4 {[%clk 0:58:01]} h5 {[%clk 1:05:50]} 36.
h4 {[%clk 0:56:08]} Kf6 {[%clk 1:05:58]} 37. Bd7 {[%clk 0:55:54]} Ke7 {[%clk
1:06:15]} 38. Bxb5 {[%clk 0:56:01]} f5 {[%clk 1:06:32]} 39. Kf3 {[%clk
0:56:00]} Kd6 {[%clk 1:06:47]} 40. Bc4 {[%clk 0:55:22]} Kc7 {[%clk 1:06:23]}
41. Bf7 {[%clk 0:55:37]} Kb6 {[%clk 1:01:57]} 42. Bxg6 {[%clk 0:55:58]} Kb5
{[%clk 1:02:26]} 43. Bxf5 {[%clk 0:56:10]} Kxb4 {[%clk 1:02:38]} 44. Bg6 {[%clk
0:56:27]} Kc5 {[%clk 1:02:57]} 45. Bxh5 {[%clk 0:56:52]} Kc4 {[%clk 1:03:02]}
46. e4 {[%clk 0:57:17]} Kd4 {[%clk 1:03:07]} 47. Kf4 {[%clk 0:57:41]} Kd3
{[%clk 1:03:29]} 48. e5 {[%clk 0:58:07]} Kd2 {[%clk 1:04:12]} 49. e6 {[%clk
0:58:46]} Ke1 {[%clk 1:04:36]} 50. e7 {[%clk 0:59:03]} Kf1 {[%clk 1:05:01]} 51.
e8=Q {[%clk 0:59:26]} Kxg2 {[%clk 1:05:15]} 52. Qe2+ {[%clk 0:59:40]} Kg1
{[%clk 1:05:26]} 53. Kg3 {[%clk 0:59:49]} Kh1 {[%clk 1:05:36]} 54. Qg2# 1-0

[Event "DVM U14w 2017"]
[Site "Neumünster GER"]
[Date "2017.12.30"]
[Round "7"]
[White "Garbuz, Nicole"]
[Black "Doll, Rebecca"]
[Result "1/2-1/2"]
[Termination "normal"]
[Board "5.1"]
[WhiteElo "1641"]
[BlackElo "1496"]
[WhiteTeam "SF Brackel"]
[BlackTeam "Karlsruher SF"]
[PlyCount "131"]
[WhiteFideId "12990701"]
[BlackFideId "16236890"]
[EventCountry "GER"]
[EventRounds "7"]
[EventType "team-swiss"]
[EventDate "2017.12.26"]

1. Nf3 d5 2. g3 Nf6 3. Bg2 e6 4. O-O Bd6 5. d3 O-O 6. Nbd2 Re8 7. Qe1 c6 8. e4
e5 9. Nb3 Nbd7 10. Qe2 Nf8 11. Re1 Ng6 12. Bg5 h6 13. Bxf6 Qxf6 14. Nfd2 Bd7
15. exd5 e4 16. Nxe4 Qxb2 17. Qd2 Qe5 18. Nxd6 Qxd6 19. Rxe8+ Rxe8 20. dxc6
bxc6 21. Re1 Rb8 22. Qa5 Qb4 23. Qxb4 Rxb4 24. Nc5 Bf5 25. Bxc6 Rb2 26. Bd7
Bxd7 27. Nxd7 Rxc2 28. a4 Rc7 29. Re8+ Kh7 30. Rd8 Rc3 31. Kg2 Ra3 32. Nc5 Rc3
33. d4 Ne5 34. Nd7 Nxd7 35. Rxd7 Kg6 36. Rxa7 Rd3 37. Rd7 Ra3 38. Rd6+ Kf5 39.
Ra6 Rd3 40. Ra5+ Ke6 41. d5+ Ke5 42. Kf1 Ra3 43. Ra7 g6 44. d6 Kxd6 45. Rxf7
Ke6 46. Ra7 Ra2 47. a5 Kf6 48. a6 g5 49. Ra8 Kg7 50. h3 h5 51. g4 h4 52. Ra7+
Kg8 53. Kg2 Ra3 54. Rc7 Rxa6 55. Rc5 Rg6 56. Rf5 Kg7 57. f4 gxf4 58. Rxf4 Ra6
59. Rf3 Ra2+ 60. Kf1 Kg6 61. Ke1 Rh2 62. Kf1 Ra2 63. Rf2 Ra3 64. Kg2 Rb3 65.
Rf3 Rb2+ 66. Kg1 1/2-1/2